000 00302nam a22001337a 4500
008 170526b xxu||||| |||| 00| 0 eng d
020 _a9780073523620
041 _aeng
080 _27 ED
_a621
100 _a25
101 _aIM
245 _aHUMAN MOTOR DEVELOPMENT
_cPAYNE.V.G
942 _2udc
_cBK
999 _c14441
_d14441